000 00863nam a22002417a 4500
003 0
005 20250115173616.0
008 250115b xxu||||| |||| 00| 0 eng d
050 _aRG 648
_b.Sa24 2023
100 _aSares, Marian Kierstin D.
245 _aA father's loss: living through a miscarriage
_cMarian Kierstin D. Sares [and our others]
260 _aLas Pinas City
_bSouthville International School and Colleges
_c2023
300 _ax, 170 pages :
_billustrations ;
_c28cm.
504 _aIncludes bibliographical references and appendices.
650 _aMiscarriage—Psychological aspects.
650 _aFathers—Psychology.
650 _aParent and child—Psychological aspect.
700 _aSimpao, Erika Janine
700 _aSoriano, Ian Cyrus
700 _aTobias, Rigel Kent
700 _aVasquez, Mari Sheanne
942 _2lcc
_cTH
999 _c366992
_d366992